|
|
|
|
| LEADER |
01008cam a2200241 7i4500 |
| 001 |
0000070909 |
| 005 |
20220810090000.0 |
| 020 |
|
|
|a 9781484265949 (electronic book)
|
| 090 |
0 |
0 |
|a QA76.73.M29
|b A48 2021
|
| 100 |
1 |
|
|a Alva, Jalil Villalobos
|
| 245 |
1 |
0 |
|a Beginning mathematica and wolfram for data science :
|b applications in data analysis, machine learning, and neural networks
|c Jalil Villalobos Alva.
|
| 264 |
|
|
|a Apress Boston:
|b MA Safari,
|c 2021.
|
| 300 |
|
|
|a 1 online resource (430 pages):
|b text file, PDF.
|
| 336 |
|
|
|a text
|2 rdacontent
|
| 337 |
|
|
|a computer
|2 rdamedia
|
| 338 |
|
|
|a online resource
|2 rdacarrier
|
| 650 |
|
0 |
|a Mathematica (Computer program language)
|
| 650 |
|
0 |
|a Wolfram language (Computer program language)
|
| 655 |
|
0 |
|a Electronic books
|
| 856 |
4 |
2 |
|u http://library.unisel.edu.my/web/guest/mylibrary
|
| 997 |
|
|
|a Communication, Visual Art & Computing, Faculty
|b Computing, Department
|
| 998 |
|
|
|a Computer Science, Degree
|
| 999 |
|
|
|a EBO0013976
|b EBOOK
|c EBOOK
|e Electronic resources
|